| 000 | 00672nam a2200229Ia 4500 | ||
|---|---|---|---|
| 003 | OSt | ||
| 005 | 20220926021016.0 | ||
| 006 | a|||||r|||| 00| 0 | ||
| 007 | ta | ||
| 008 | 220923b |||||||| |||| 00| 0 eng d | ||
| 037 | _cGeneral Book | ||
| 040 |
_aRTL _cRTL _beng |
||
| 041 |
_2eng _aeng |
||
| 082 | _aX6xM83:g, N2 | ||
| 100 |
_aChick Victoria Ed. _9245075 |
||
| 245 | 0 |
_aOn money method and keynes _b Selected essay Ed by |
|
| 260 |
_aNew York _bSt. Martin's Press U S A _c1992 |
||
| 300 |
_axvi, 227p. Bib p. 207-17 _ccm. |
||
| 650 |
_aKeynes _9231657 |
||
| 942 |
_hX6xM83:g, N2 _cGB _2CC |
||
| 999 |
_c635460 _d635460 |
||